Statystyki dla Najlepsze Gry na PlayStation (PSX) - Według Ilości Sprzedaży

Kliknij tutaj aby rozwiązać quiz!

Ogólne statystyki

  • Ten quiz został rozwiązany 125 razy
    (124 od ostatniego zresetowania)
  • Średni wynik to 11 z 94

Statystyki odpowiedzi

Wielkość SprzedażyProducentGatunekTytuł% Poprawnych
1.000.000NamcoBijatykaTekken
67%
6.820.000Naughty DogPlatformówkaCrash Bandicoot
52%
10.850.000Polyphony DigitalWyścigiGran Turismo
51%
8.300.000NamcoBijatykaTekken 3
43%
5.700.000NamcoBijatykaTekken 2
42%
2.750.000CapcomSurvival HorrorResident Evil
39%
7.000.000SquarejRPGFinal Fantasy VIII
38%
5.170.000Naughty DogPlatformówkaCrash Bandicoot 2: Cortex Strikes Back
37%
2.010.000Avalanche SoftwareBijatykaMortal Kombat Trilogy
36%
4.832.145Insomniac GamesPlatformówkaSpyro the Dragon
36%
5.700.000Naughty DogPlatformówkaCrash Bandicoot 3: Warped
35%
6.000.000KonamiSkradankaMetal Gear Solid
35%
4.960.000CapcomSurvival HorrorResident Evil 2
32%
9.370.000Polyphony DigitalWyścigiGran Turismo 2
28%
4.000.000UbisoftPlatformówkaRayman
28%
3.500.000CapcomSurvival HorrorResident Evil 3: Nemesis
28%
2.200.000Naughty DogWyścigi - KartówkaCrash Team Racing
26%
9.800.000SquarejRPGFinal Fantasy VII
25%
7.100.000Core DesignAction AdventureTomb Raider
23%
2.000.000KonamiSurvival HorrorSilent Hill
21%
3.283.077Inomniac GamesPlatformówkaSpyro: Year of the Dragon
20%
3.451.064Insomniac GamesPlatformówkaSpyro 2: Gateway to Glimmer
19%
1.450.000DMA DesignAkcja - SomochodowaGrand Theft Auto 2
16%
1.650.000DreamWorks InteractiveFPSMedal of Honor
16%
3.500.000Oddworld InhabitantsPuzzle PlatformerOddworld: Abe's Oddysee
15%
6.800.000Core DesignAction AdventureTomb Raider II
15%
1.770.000Eurocom DevelopmentsKolekcja Mini GierCrash Bash
14%
1.700.000Electronic ArtsWyścigiNeed for Speed III: Hot Pursuit
14%
5.900.000Core DesignAction AdventureTomb Raider III
14%
5.080.000SquarejRPGFinal Fantasy IX
13%
3.500.000NeversoftSporty EkstremalneTony Hawk's Pro Skaterboarding
13%
3.000.000Argonaut InteractivePlatformówkaCroc: Legend of the Gobbos
11%
3.150.000NeversoftSporty EkstremalneTony Hawk's Pro Skater 2
11%
2.400.000CapcomSurvival HorrorDino Crisis
9%
1.900.000NeversoftAction Adventure - Beat 'em upSpider-Man
9%
4.700.000Core DesignAction AdventureTomb Raider: Last Revelation
9%
2.270.000SquarejRPG - Taktyczne RPGFinal Fantasy Tactics
8%
1.400.000Core DesignAction AdventureTomb Raider Chronicles
8%
1.480.000SquarejRPGChrono Cross
7%
1.200.000CapcomSurvival HorrorDino Crisis 2
7%
8.000.000Argonaut Games/Electronic ArtsPlatformówkaHarry Potter and the Philosopher's Stone
7%
1.940.000SquareSurvival Horror - jRPGParasite Eve
7%
2.110.000Shaba Games/NeversoftSporty EkstremalneTony Hawk's Pro Skater 3
7%
1.000.000CodemastersWyścigiColinMcRae Rally
6%
3.220.000Reflections InteractiveSamochodowa - AkcjaDriver
5%
1.750.00EideticSkradanka - Action AdventureSyphon Filter
5%
1.770.000NatsumePuzzlerTetris Plus
5%
1.720.000BlackOps EntertaimentAction Adventure007: Tomorrow Never Dies
4%
1.240.000NamcoArcadePac-Man World
4%
1.470.000NanaOn-ShaMuzycznaPaRappa the Rapper
4%
1.092.000NamcoSymulatorAce Combat 2
3%
1.164.000NamcoSymulatorAce Combat 3
3%
2.230.000NamcoSymulatorAir Combat
3%
1.210.000UEP SystemsSporty EkstremalneCool Boarders 2
3%
2.850.000Reflections InteractiveSamochodowa - AkcjaDriver 2
3%
1.090.000SquareSurvival HorrorParasite Eve II
3%
1.420.000EideticSkradanka - Action AdventureSyphon Filter 2
3%
1.920.000Yuke'sSporty Ekstremalne - BijatykaWWF SmackDown!
3%
1.430.000Idol MindsSporty EkstremalneCool Boarders 3
2%
1.200.000HearbeatjRPGDragon Quest VI
2%
4.110.000EnixjRPGDragon Quest VII
2%
1.500.000Crystal DynamicsSlasherLegacy of Kain: Soul Reaver
2%
1.900.000Gremlin InteractivePlanszówkaMonopoly
2%
1.080.000Pitbull SyndicateWyścigiTest Drive 5
2%
1.200.000KonamiKarciankaYu-Gi-Oh! Forbidden Memories
2%
1.090.000989 StudiosSporty Ekstremalne2Xtreme
1%
1.500.000Traveller's TalePlatformówkaA Bug's Life
1%
1.100.000G-CraftTaktyczne RPG - jRPGArc the Lad
1%
1.040.000G-CraftjRPGArc the Lad II
1%
1.100.000ParityBitDerbyStallion 99
1%
1.100.000ShiftPuzzlerDevil Dice
1%
2.130.000Camelot Software PlanningSportowaEverybody's Golf
1%
1.440.000Clap HanzSportowaEverybody's Golf 2
1%
3.370.000Millennium InteractiveArcade - PlatformówkaFrogger
1%
1.270.000SingleTracFuturystyczne WyścigiJet Moto
1%
1.310.000989 StudiosFuturystyczne WyścigiJet Moto 2
1%
1.160.000Stormfront StudiosWyścigiNASCAR 98
1%
1.000.000Electronic ArtsSportowaNBA Live 2000
1%
1.150.000.Electronic ArtsWyścigiNBA Live 98
1%
1.240.000SCE Japan StudiojRPGThe Legend of Dragoon
1%
1.900.000SquarejRPGXenogears
1%
1.000.000G-ArtistsPuzzlerKurushi
0%
1.390.000Electronic ArtsWyścigiNeed for Speed: Challenge
0%
1.460.000n-SpaceKolekcja Mini GierRugrats: Search for Reptar
0%
1.080.000SquarejRPGSaGa Frontier
0%
1.270.000RunecraftTPP Shooter - SkradankaSpec Ops: Stealh Patrol
0%
1.070.000Climax GroupPlatformówkaSpongebob SquarePants: Super Sponge
0%
1.094.000tri-AcejRPGStar Ocean: The Second Story
0%
1.000.000CapcomBijatykaStreet Fighter Alpha 3
0%
1.139.000Wolf TeamjRPGTales of Destiny
0%
1.740.000989 StudiosVehicle CombatTwisted Metal 2
0%
1.080.000989 StudiosVehicle CombatTwisted Metal 4
0%
1.290.000989 StudiosVehicle ComabtTwisted Metal III
0%
1.300.000Inland Productions/THQSporty Ekstremalne - BijatykaWCW Nintro
0%

Rozkład punktacji

Percentyl według liczby udzielonych odpowiedzi

Procent ludzi z każdym wynikiem

Twoja historia wyników

Nie rozwiązałeś tego quizu od ostatniego zresetowania